Galería Nacional de Washington / (Registro nro. 176878)
[ vista simple ]
| 000 -LEADER | |
|---|---|
| campo de control de longitud fija | 00710nam a2200217 i 4500 |
| 001 - NÚMERO DE CONTROL | |
| campo de control | 176878 |
| 003 - IDENTIFICADOR DE NÚMERO DE CONTROL | |
| campo de control | ES-MaACL |
| 005 - FECHA Y HORA DE LA ÚLTIMA TRANSACCIÓN | |
| campo de control | 20251221205921.0 |
| 008 - DATOS DE LONGITUD FIJA--INFORMACIÓN GENERAL | |
| campo de control de longitud fija | 110216s1967 sp ao |||| | spa d |
| 080 ## - NÚMERO DE LA CLASIFICACIÓN DECIMAL UNIVERSAL | |
| Número de la Clasificación Decimal Universal | 75:069(753) National Gallery |
| 245 00 - MENCIÓN DEL TÍTULO | |
| Título | Galería Nacional de Washington / |
| Mención de responsabilidad, etc. | presentación de John Walker. |
| 260 ## - PUBLICACIÓN, DISTRIBUCIÓN, ETC. | |
| Lugar de publicación, distribución, etc. | Madrid : |
| Nombre del editor, distribuidor, etc. | Codex, |
| Fecha de publicación, distribución, etc. | [1967] |
| 300 ## - DESCRIPCIÓN FÍSICA | |
| Extensión | 83 p. : |
| Otras características físicas | il. col. y n. ; |
| Dimensiones | 32 cm. |
| 490 1# - MENCIÓN DE SERIE | |
| Mención de serie | El mundo de los museos |
| 500 ## - NOTA GENERAL | |
| Nota general | Índices. |
| 610 24 - PUNTO DE ACCESO ADICIONAL DE MATERIA--NOMBRE DE ENTIDAD CORPORATIVA | |
| Nombre de entidad corporativa o nombre de jurisdicción como elemento de entrada | National Gallery of Art (Estados Unidos) |
| 9 (RLIN) | 5971 |
| 700 1# - ENTRADA AGREGADA--NOMBRE PERSONAL | |
| Nombre de persona | Walker, John, |
| Fechas asociadas al nombre | 1906- |
| 9 (RLIN) | 115931 |
| 830 0# - PUNTO DE ACCESO ADICIONAL DE SERIE-TÍTULO UNIFORME | |
| Título uniforme | El mundo de los museos |
| 9 (RLIN) | 190282 |
| 852 ## - LOCALIZACIÓN | |
| Ubicación | ES-MaACL |
| Número de control de estantería | E-14322 |
| Encuadernación | Olim P-1361 |
| Estatus retirado | Estado de pérdida | Estado de daño | No para préstamo | Biblioteca de origen | Biblioteca actual | Ubicación en estantería | Fecha de adquisición | Fuente de adquisición | Total de préstamos | Signatura topográfica completa | Código de barras | Visto por última vez | Precio de reemplazo | Tipo de ítem Koha |
|---|---|---|---|---|---|---|---|---|---|---|---|---|---|---|
| Biblioteca del Ateneo de Madrid | Biblioteca del Ateneo de Madrid | Depósito 2 | 16/02/2011 | E-14322 | 1185775 | 23/02/2023 | 23/02/2023 | Libro impreso |
